Človek, práca, vedecko-technický pokrok
Uložené v:
| Hlavný autor: | |
|---|---|
| Médium: | Kniha |
| Jazyk: | Slovak |
| Vydavateľské údaje: |
Bratislava :
Práca,
1985
|
| Vydanie: | 1. |
| Predmet: | |
| Tagy: |
Žiadne tagy, Buďte prvý, kto otaguje tento záznam!
|
MARC
| LEADER | 00000nam a22000003a 4500 | ||
|---|---|---|---|
| 001 | stu55871 | ||
| 005 | 20150617225655.2 | ||
| 008 | 001212s1985----cs------------------slo-d | ||
| 040 | |a STU |b slo | ||
| 041 | 0 | |a slo | |
| 044 | |a cs | ||
| 080 | |a 330.341.1 | ||
| 100 | 1 | |a Fusko, Zoltán |4 aut | |
| 245 | 1 | |a Človek, práca, vedecko-technický pokrok | |
| 250 | |a 1. | ||
| 260 | |a Bratislava : |b Práca, |c 1985 | ||
| 300 | |a 155 s | ||
| 650 | 7 | |a práca |2 stusub | |
| 996 | |b 284M014867 |c M*224-1 |l MMKN |s A |a 24 |w stu55871_0001 | ||